000 00532nam a2200181Ia 4500
008 100917s9999 xx 000 0 und d
082 _b32056
100 _aदेवकुळे ज. ग.
245 _aकनक आणि कामिनी
260 _bश्रीविशाखा प्रकाशन
_c1977
300 _a174
365 _b14
520 _aकथा
630 _aकनक आणि कामिनी
650 _aकथा
730 _aकनक आणि कामिनी
942 _cBOOK
999 _c637450
_d637447